Riconosci la Squadra di calcio - Quiz n°331 - Statistics

Statistiche generali
  • Questo quiz è stato fatto 19 volte
  • Il punteggio medio è 7 su 9
Statistiche sulle risposte
Indizio Risposta % Corretto
Colori sociali Blu, bianco
94%
Titoli nazionali 13 campionati dell'URSS 16 campionati ucraini
89%
Trofei nazionali 9 Coppe dell'URSS
3 Supercoppe sovietiche
13 Coppe d'Ucraina
9 Supercoppe d'Ucraina
89%
Divisione nazionale 2023-2024 Prima
89%
Fondazione 1927
78%
Capienza Stadio 70 050 posti
78%
Confederazione UEFA
78%
Trofei internazionali 2 Coppe delle Coppe
1 Supercoppe UEFA
4 Coppe della CSI
72%
Squadra Dinamo Kiev
72%
Nessun quiz corrispondente trovato
Distribuzione punteggi
Percentuale di utenti per punteggio
Percentile per numero di risposta
I tuoi punteggi nel tempo
Non hai fatto questo quiz